Countries With KFC (kentucky fried chicken) - Statistics

General Stats
  • This quiz has been taken 312 times
  • The average score is 77 of 130
Answer Stats
KFCs Country 🏴 % Correct
4,062 United States
95%
909 UK
87%
639 Canada
85%
7,900 China
82%
100+1993-2022 Russia
82%
248 France
80%
1131 Japan
80%
393 Mexico
80%
653 Australia
77%
189 Germany
76%
395 India
76%
143 Spain
76%
60 Brazil
75%
51 Italy
74%
38 Ireland
73%
170 South Korea
73%
34 Portugal
72%
18 Argentina
71%
6 Finland
71%
12 Sweden
71%
164 Egypt
70%
955 South Africa
70%
68 Chile
69%
315 Poland
69%
48 Ukraine
69%
11 Austria
67%
8 Albania
66%
79 Colombia
66%
10 Denmark
66%
12 Greece
66%
8 Iceland
65%
77 Netherlands
65%
140 Peru
65%
717 Thailand
65%
9 Belgium
64%
689 Indonesia
64%
8 Iraq
64%
94 Pakistan
64%
136 Vietnam
64%
718 Malaysia
63%
220 Saudi Arabia
63%
151 UAE
63%
8 Croatia
62%
12 Israel
62%
5 Latvia
62%
18 Morocco
62%
24 Nigeria
62%
36 Oman
62%
94 Romania
62%
11 Switzerland
62%
80 Hungary
61%
7 Slovakia
61%
25 Venezuela
61%
37 Jamaica
60%
66 Kazakhstan
60%
332 Philippines
60%
27 Dominican Republic
59%
9 Estonia
59%
15 Honduras
59%
23 Kenya
59%
7 Lithuania
59%
12 Mongolia
59%
39 Qatar
59%
13 Serbia
59%
1 Slovenia
59%
3 Bolivia
58%
144 Ecuador
58%
44 Panama
58%
86 Singapore
58%
114 Czech Republic
57%
1 Yemen
57%
19 Belarus
56%
11 Cambodia
56%
7 Guatemala
56%
27 Jordan
56%
1 Luxembourg
56%
3 Paraguay
56%
153 Taiwan
56%
14 Uzbekistan
56%
11 Armenia
55%
8 Sudan
55%
26 Bangladesh
54%
29 Bulgaria
54%
43 Costa Rica
54%
25 Cyprus
54%
19 Ghana
54%
66 Kuwait
54%
3 Malta
54%
9 Angola
53%
24 Bahrain
53%
11 Georgia
53%
23 Lebanon
53%
12 Nepal
53%
4 Zambia
53%
13 Bahamas
52%
4 El Salvador
52%
5 Guyana
52%
1 Myanmar
52%
12 Barbados
51%
1 Dominica
51%
6 Suriname
51%
6 Tanzania
51%
6 Zimbabwe
51%
5 North Macedonia
50%
16 Botswana
49%
13 Kosovo
49%
2 Moldova
49%
1 Saint Kitts and Nevis
49%
3 Senegal
49%
1 Tajikistan
49%
58 Trinidad and Tobago
49%
8 Uganda
49%
21 Namibia
48%
4 Saint Lucia
48%
2 Saint Vincent and The Grenadines
48%
6 Ivory Coast
47%
3 Antigua And Barbuda
46%
17 Brunei
46%
4 Kyrgyzstan
46%
12 Mozambique
46%
39 Sri Lanka
46%
4 Grenada
45%
1 Rwanda
45%
4 Gabon
44%
10 Eswatini
43%
8 Lesotho
43%
2 Maldives
43%
2 Malawi
37%
22 Mauritius
37%
11 Azerbijan
2%
No matching quizzes found
Score Distribution
Percent of People with Each Score
Percentile by Number Answered
Your Score History
You have not taken this quiz